000 00512nam a2200181Ia 4500
008 191130s2001##################000#0#eng##
020 _a9780192854254
040 _aACL
_cACL
082 _a100 BLA
100 _aBlackburn, Simon
245 _aThink : a compelling introduction to philosophy
_cSimon Blackburn
260 _aOxford
_bOxford University Press
_cc2001
300 _aVII, 312 S ; 18cm
650 _aPhilosophy
990 _a2de2e378ac10000c363def33dacef92a
991 _a148496
999 _c78019
_d78019